000 00637nam a2200217Ii 4500
003 JO-AjNU
008 230606s9999||||xx |||||||||||||| ||und||
020 _a978-3-030-38954-3
040 _aJO-AjNU
_beng
_erda
_cJO-AjNU
041 _aeng
050 1 4 _aQA76.9 2020
100 3 _aKavrestad,Joakim,
_eauthor
_96767
245 0 0 _aFundamentals of Digital Forensics:Theory,Methods,and Real -Life Application
250 _a2ed
264 3 1 _aNew-york,springer,2020
300 _a268p
336 _atext
_btxt
_2rdacontent
337 _aunmediated
_bn
_2rdamedia
338 _avolume
_bnc
_2rdacarrier
650 4 _aDigital Forensics
_96768
999 _aE3516
_c3508
_d3508